The Microprocessor and its application : (Record no. 176184)
[ view plain ]
| 000 -LEADER | |
|---|---|
| fixed length control field | 00907 a2200205 4500 |
| 003 - CONTROL NUMBER IDENTIFIER | |
| control field | Nust |
| 005 - DATE AND TIME OF LATEST TRANSACTION | |
| control field | 20220722120959.0 |
| 010 ## - LIBRARY OF CONGRESS CONTROL NUMBER | |
| LC control number | 78054572 |
| 020 ## - INTERNATIONAL STANDARD BOOK NUMBER | |
| International Standard Book Number | 0521222419 |
| 040 ## - CATALOGING SOURCE | |
| Transcribing agency | Nust |
| 082 00 - DEWEY DECIMAL CLASSIFICATION NUMBER | |
| Classification number | 004.16,MIC |
| 245 04 - TITLE STATEMENT | |
| Title | The Microprocessor and its application : |
| Remainder of title | an advanced course / |
| Statement of responsibility, etc. | editor and course director D. Aspinall ; main contributors, W. A. Clark ... [et al.]. |
| 260 ## - PUBLICATION, DISTRIBUTION, ETC. | |
| Place of publication, distribution, etc. | Cambridge ; |
| -- | New York : |
| Name of publisher, distributor, etc. | Cambridge University Press, |
| Date of publication, distribution, etc. | 1978. |
| 300 ## - PHYSICAL DESCRIPTION | |
| Extent | xviii, 383 p. ; |
| Other physical details | ill. ; |
| Dimensions | 24 cm. |
| 505 ## - FORMATTED CONTENTS NOTE | |
| Formatted contents note | Hardware Components (Page-1), Software Techniques (Page-85), Management Of Microprocessor Application Projects (Page-149), Design Exercise (Page-187), Micro Programmable Microprocessors (Page-219), Future Developments (Page-295). |
| 650 #0 - SUBJECT ADDED ENTRY--TOPICAL TERM | |
| Topical term or geographic name entry element | Microprocessors. |
| 9 (RLIN) | 18075 |
| 700 1# - ADDED ENTRY--PERSONAL NAME | |
| Personal name | Aspinall, D. |
| 9 (RLIN) | 94559 |
| 700 1# - ADDED ENTRY--PERSONAL NAME | |
| Personal name | Clark, William Allan, |
| Dates associated with a name | 1919- |
| 9 (RLIN) | 94560 |
| 942 ## - ADDED ENTRY ELEMENTS (KOHA) | |
| Source of classification or shelving scheme | |
| Koha item type | Book |
| Call number prefix | 004.16,MIC |
| Withdrawn status | Lost status | Source of classification or shelving scheme | Damaged status | Not for loan | Permanent Location | Current Location | Shelving location | Date acquired | Full call number | Barcode | Date last seen | Price effective from | Koha item type | Public note |
|---|---|---|---|---|---|---|---|---|---|---|---|---|---|---|
| Military College of Signals (MCS) | Military College of Signals (MCS) | General Stacks | 12/12/2016 | 004.16,MIC | MCS3154 | 12/08/2016 | 12/12/2016 | Book | Almirah No.79, Shelf No.3 | |||||
| Military College of Signals (MCS) | Military College of Signals (MCS) | General Stacks | 12/12/2016 | 004.16,MIC | MCS445 | 12/08/2016 | 12/12/2016 | Book | Almirah No. 2, Shelf No.1 | |||||
| Military College of Signals (MCS) | Military College of Signals (MCS) | General Stacks | 07/22/2022 | 004.16,MIC | MCS446 | 07/22/2022 | 07/22/2022 | Book | Almirah No. 2, Shelf No.1 |
